| 000 | 00972nam a22002177a 4500 | ||
|---|---|---|---|
| 999 |
_c63336 _d63336 |
||
| 005 | 20250918181432.0 | ||
| 008 | 250918s2002 gw ||||| |||| 00| 0 goh d | ||
| 020 | _a3468490267 | ||
| 041 | _agoh | ||
| 080 | _a81'374(038)=112.2 L-22 | ||
| 245 |
_aLangenscheidts Groworterbuch Deutsch als Fremdsprache : _bdas einsprachige Wörterbuch für alle, die Deutsch lernen : in der neuen deutschen Rechtschreibung / _cHrsg.: Dieter Gotz, Gunther Haensch, Hans Wellmann ; In Zusammenarbeit mit der Langenscheidt-Redaktion Leitende Red.: Vincent J. Docherty, Gunther Jehle. |
||
| 264 |
_aBerlin : _bLangenscheidt, _c2002. |
||
| 300 |
_a 1216 p. : _bill. ; _c 22 cm. |
||
| 653 | _aგერმანული ენა | ||
| 653 | _aლექსიკონი | ||
| 700 |
_aGotz, Dieter _925840 |
||
| 700 |
_aHaensch, Gunther _925841 |
||
| 700 |
_aWellmann, Hans _925842 |
||
| 700 |
_aDocherty, Vincent J. _eრედაქტორი _925843 |
||
| 942 |
_2udc _cᲬᲘᲒᲜᲘ |
||